书目信息 |
| 题名: |
毛泽东新闻工作文选
|
|
| 作者: | 毛泽东 著 | |
| 分册: | ||
| 出版信息: | 北京 新华出版社 1983.12 |
|
| 页数: | 438页 | |
| 开本: | 21cm | |
| 丛书名: | ||
| 单 册: | ||
| 中图分类: | A467 | |
| 科图分类: | ||
| 主题词: | 毛泽东著作--专题汇编--文化 | |
| 电子资源: | ||
| ISBN: | ||
| 000 | 00540nam0 2200193 45 | |
| 001 | 0181023624 | |
| 005 | 20060808175951.07 | |
| 010 | @dCNY1.55 | |
| 091 | @a1203.1 | |
| 100 | @a20810111d km y0chiy0120 ea | |
| 101 | 0 | @achi |
| 200 | 1 | @a毛泽东新闻工作文选@AMAO ZE DONG XIN WEN GONG ZUO WEN XUAN@f毛泽东著@FMao Ze Dong Zhu |
| 210 | @a北京@c新华出版社@d1983.12 | |
| 215 | @a438页@c照片@d21cm | |
| 606 | 0 | @a毛泽东著作@x专题汇编@x文化 |
| 690 | @aA467@v3 | |
| 701 | 0 | @a毛泽东@4著 |
| 801 | @aCN@bTSTC@c20060808 | |
| 905 | @dA467@e6@f1@b100853 | |
| 毛泽东新闻工作文选/毛泽东著.-北京:新华出版社,1983.12 |
| 438页:照片;21cm |
| ISBN :CNY1.55 |
| ● |
| 相关链接 |
|
|
|
|
正题名:毛泽东新闻工作文选
索取号:A467/6
 
预约/预借
| 序号 | 登录号 | 条形码 | 馆藏地/架位号 | 状态 | 备注 |
| 1 | 0100852 | 000953640 | 第一借阅区/ [索取号:A467/6] | 在馆 | |
| 2 | 0100853 | 000953686 | 第一样本阅览室/ [索取号:A467/6] | 在馆 | |
| 3 | 0447629 | 204476290 | 密集书库/ [索取号:A467/6] | 在馆 |